Szczegóły MARC21

Rozejście mięśnia prostego brzucha : terapia kompleksowa /

003 -Nazwa inst., której nr kontr. jest w polu 001 [,]
    • @
    • Nazwa instytucji, której n kontrolny jest w polu 001
    • NUKAT
005 -DATA I CZAS OSTATNIEJ MODYFIKACJI [,]
    • @
    • pole kontrolne
    • 20241231114756.0
020 -Międzynarod. znormalizowany nr książki - ISBN [ , ]
    • a
    • Numer ISBN
    • 9788378461142 Find
040 -Instytucja sporządzająca opis [ , ]
    • a
    • Instytucja, która sporządziła opis (NP)
    • TARN 010/DP
    • b
    • Język katalogowania
    • pol
    • e
    • Zasady katalogowania
    • rda
    • c
    • Instytucja, która sporządziła rekord (NP)
    • TARN 010/DP
    • d
    • Instytucja, która zmodyfikowała rekord (P)
    • KR 122/AKs
    • d
    • Instytucja, która zmodyfikowała rekord (P)
    • BYDG 020/AMs
    • d
    • Instytucja, która zmodyfikowała rekord (P)
    • Ł 68/MN
942 -Rodzaj dokumentu [ , ]
    • c
    • Rodzaj dokumentu
    • Książka
100 -Hasło główne - nazwa osobowa [1, ]
    • a
    • Nazwa osobowa (NP)
    • Jachacz-Łopata, Małgorzata.
    • e
    • Rodzaj współpracy
    • Autor
    • 9
    • KHW
    • 504337
245 -Strefa tytułu i oznaczenia odpowiedzialności [1,0]
    • a
    • Tytuł
    • Rozejście mięśnia prostego brzucha : Find
    • b
    • Ciąg dalszy tytułu (NP)
    • terapia kompleksowa / Find
    • c
    • Pozostałe elementy strefy tytułu i oznaczenia odpowiedzialności (NP)
    • Małgorzata Jachacz-Łopata, Daniela Milka.
250 -Strefa wydania [ , ]
    • a
    • Oznaczenie wydania (NP)
    • Wydanie pierwsze.
260 -Strefa adresu wydawniczego [ , ]
    • a
    • Miejsce wydania (P)
    • Wrocław :
    • b
    • Nazwa wydawcy (P)
    • copyright by MedPharm Polska,
    • c
    • Data wydania (P)
    • © 2019.
300 -Strefa opisu fizycznego [ , ]
    • a
    • Określenie formy książki i/lub objętość (NP)
    • XIII, 147 stron :
    • b
    • Oznaczenie ilustracji (NP)
    • ilustracje (w tym kolorowe) ;
    • c
    • Format (NP)
    • 28 cm.
336 -Typ zawartości [ , ]
    • a
    • Termin opisujący typ zawartości
    • Tekst
    • b
    • Kod określający zawartość
    • txt
    • 2
    • Źródło (terminu i kodu)
    • rdacontent
337 -Typ mediów [ , ]
    • a
    • Tryb odtwarzania
    • Bez urządzenia pośredniczącego
    • b
    • Kod typu mediów
    • n
    • 2
    • Źródło (terminu i kodu)
    • rdamedia
338 -Typ/rodzaj nośnika [ , ]
    • a
    • Hasło opisujące typ nośnika
    • Wolumin
    • b
    • Kod typu nośnika
    • nc
    • 2
    • Źródło (terminu i kodu)
    • rdacarrier
504 -Uwaga dot. bibliogr. załącznikowej [ , ]
    • a
    • Uwaga dot. bibliografii załącznikowej
    • Bibliografia na stronach 139-142. Indeks.
521 -Uwaga dot. przeznaczenia czytelniczego [8, ]
    • a
    • Uwaga dot. przeznaczenia czytelniczego
    • Podręcznik został przygotowany z myślą o fizjoterapeutach, terapeutach manualnych, osteopatach i wszystkich specjalistach, którzy w swojej codziennej praktyce spotykają się z pacjentami z dysfunkcją, jaką jest rozejście mięśnia prostego brzucha (diastasis recti abdominis - DRA).
650 -Hasło przedmiotowe [ ,7]
    • a
    • Hasło przedmiotowe
    • Rehabilitacja
    • x
    • Określnik rzeczowy
    • poradniki.
    • 2
    • Źródło terminu
    • kaba
    • 9
    • KHW
    • 359687
650 -Hasło przedmiotowe [ ,7]
    • a
    • Hasło przedmiotowe
    • Kobiety
    • x
    • Określnik rzeczowy
    • zdrowie i higiena.
    • 2
    • Źródło terminu
    • kaba
    • 9
    • KHW
    • 114575
650 -Hasło przedmiotowe [ ,7]
    • a
    • Hasło przedmiotowe
    • Urologia ginekologiczna
    • v
    • Określnik formalny
    • podręczniki.
    • 2
    • Źródło terminu
    • kaba
    • 9
    • KHW
    • 504406
650 -Hasło przedmiotowe [ ,7]
    • a
    • Hasło przedmiotowe
    • Brzuch
    • x
    • Określnik rzeczowy
    • mięśnie.
    • 2
    • Źródło terminu
    • kaba
    • 9
    • KHW
    • 166881
700 -Hasło dodatkowe - nazwa osobowa [1, ]
    • a
    • Nazwa osobowa (NP)
    • Milka, Daniela. Find
    • e
    • Określenie rodzaju współpracy
    • Autor
    • 9
    • KHW
    • 504338
710 -Hasło dodatkowe - nazwa ciała zbiorowego [2, ]
    • a
    • Nazwa ciała zbiorowego lub nazwa geograficzna jako pierwszy element (NP)
    • MedPharm Polska.
    • e
    • Rodzaj współpracy
    • Wydawca
    • 4
    • Kod relacji
    • pbl
    • 9
    • KHW
    • 411578
856 -Dostęp do wersji elektronicznej [4,1]
    • 3
    • Wyszczególnienie materiału
    • Spis treści
856 -Dostęp do wersji elektronicznej [4,8]
    • 3
    • Wyszczególnienie materiału
    • Okładka
920 -ISBN [ , ]
    • a
    • ISBN
    • 978-83-7846-114-2 Find
Data inwentaryzacji Status udost. Lokalizacja Sygnatura Numer inwentarzowy
2019-09-241BMFizjoterapia 42WF.10490